| 000 | 01069nam a2200277 a 4500 | ||
|---|---|---|---|
| 001 | 000023616 | ||
| 005 | 20250210091741.0 | ||
| 008 | 101215s1971 mx a r 001 0 spa d | ||
| 040 |
_aDO-SdBNP _bspa _cBNPHU |
||
| 041 | 1 | 7 |
_aspa _heng _2Código de idiomas MARC |
| 082 |
_a371.426 _bC395e |
||
| 100 | 1 |
_aCenci, Louis, _948658 |
|
| 240 | 1 | 0 |
_aTeaching occupational skills. _lEspañol. |
| 245 | 1 | 0 |
_aEnseñanza técnica y práctica de artes y oficios / _cLouis Cenci, Gilbert G. Weaver ; traducción de Rubén Pimentel. |
| 260 |
_aMéxico : _bLimusa-Wiley, _c1971. |
||
| 300 |
_a311 p. : _bil. ; _c21 cm. |
||
| 534 |
_pTítulo original en inglés: _tTeaching occupational skills. _cNew York : Pitman Publisching, 1968. |
||
| 500 | _aTraducción de la 2a ed. en inglés corregida y aumentada. | ||
| 500 | _aIncluye índice. | ||
| 650 | 4 |
_aEducación tecnológica _917552 |
|
| 650 | 0 |
_aEnseñanza vocacional _948659 |
|
| 650 | 4 |
_aArtes técnico-industriales _948660 |
|
| 700 | 1 |
_aWeaver, Gilbert G., _948661 |
|
| 700 | 1 |
_aPimentel, Rubén, _etr. _948662 |
|
| 049 | _aBNGR | ||
| 999 |
_c23112 _d23112 |
||